000 01412nam a2200361Ia 4500
001 ebr10058361
003 CaPaEBR
006 m u
007 cr cn|||||||||
008 910226s1991 enk sb 001 0 eng d
010 _z 91011480
020 _z0203427785
020 _z0415057418
040 _aCaPaEBR
_cCaPaEBR
035 _a(OCoLC)568132214
050 1 4 _aRA418.3.E85
_bM43 1991eb
082 0 4 _a362.1/0425/094
_220
245 0 0 _aMedicine and charity before the welfare state
_h[electronic resource] /
_cedited by Jonathan Barry and Colin Jones.
260 _aLondon :
_bRoutledge,
_cc1991.
300 _ax, 259 p.
490 1 _aStudies in the social history of medicine
504 _aIncludes bibliographical references and index.
533 _aElectronic reproduction.
_bPalo Alto, Calif. :
_cebrary,
_d2009.
_nAvailable via World Wide Web.
_nAccess may be limited to ebrary affiliated libraries.
650 0 _aSocial medicine
_zEurope
_xHistory.
650 0 _aCharities, Medical
_zEurope
_xHistory.
651 0 _aEurope
_xSocial conditions.
655 7 _aElectronic books.
_2local
700 1 _aBarry, Jonathan,
_d1956-
700 1 _aJones, Colin,
_d1947-
710 2 _aebrary, Inc.
830 0 _aStudies in the social history of medicine.
856 4 0 _uhttp://site.ebrary.com/lib/rucke/Doc?id=10058361
_zAn electronic book accessible through the World Wide Web; click to view
999 _c171525
_d171525